000 00921nas a2200277 4500
001 BR9902303
003 BR-BrBNA
005 20231205101405.0
007 ta
008 230509b bl.|||p| |||| 00| 00por d
040 _aBR-BrBNA
_bpor
_cBiblioteca Nacional de Agricultura
041 _a(Pt)
072 _aF01
100 1 _aStefanini, M.B.
100 1 _aRodrigues, S.D.
100 1 _aMing, L.C.
245 1 _aEfeito do acido giberelico, CCC e ethephon no conteudo de biomassa e rendimento de oleo essencial em diferentes epocas de aplicacao em Lippia alba (Mill.)N.E.Br. - Verbenaceae
650 _aErva Cidreira
650 _aAcido Giberelico
650 _aEtefon
650 _aRendimento
650 _aPulverizacao
773 0 _tRevista Brasileira de Plantas Medicinais (Brazil)
_xISSN 1516-0572
_g(1998), v. 1(1) p. 39-48
_wBR9902303
909 _a202311
_bLúcia
_c55
_dLúcia Elande
942 _2AGRIS
_n0
_cANA
999 _c161539
_d161539